Turistický atlas Slovenska : 1 : 50 000

Enregistré dans:
Détails bibliographiques
Format: Livre
Langue:slovaque
Publié: Harmanec : Vojenský kartografický ústav, 2005
Édition:1.vyd.
Tags: Ajouter un tag
Pas de tags, Soyez le premier à ajouter un tag!

MARC

LEADER 00000nam a22000003a 4500
001 stu130649
005 20150408163246.9
008 061204s2005----xo------------------slo-d
020 |a 80-8042-453-5 
040 |a STU  |b slo 
041 0 |a slo 
044 |a xo 
080 |a 912(437.6) 
245 |a Turistický atlas Slovenska :  |b 1 : 50 000 
250 |a 1.vyd. 
260 |a Harmanec :  |b Vojenský kartografický ústav,  |c 2005 
300 |a 372 s 
996 |c V*49455/O-21840  |l VV7  |s P  |a 0  |w stu130649_0001 
996 |c V*49310/O-21765  |l VV3  |s P  |a 0  |w stu130649_0002